Artist By Song - Retro 2000-23 Meme Songs (2001-2500) - Statistics

General Stats
  • This quiz has been taken 64 times
  • The average score is 169 of 500
Answer Stats
Hint Answer % Correct
Black or White | P.Y.T. (Pretty Young Thing) | The Way You Make Me Feel Michael Jackson
91%
How Will I Know | I Wanna Dance With Somebody | I Will Always Love You | I'm Your Baby Tonight Whitney Houston
89%
Disco Inferno 50 Cent
80%
Mamma Mia ABBA
80%
Big Girls Don't Cry (Personal) | Clumsy | Fergalicious | +2 others Fergie
80%
Boyfriend | One Time | Yummy Justin Bieber
80%
Ice Ice Baby Vanilla Ice
80%
Is She Really Going Out With Him? Joe Jackson
77%
A Million Dreams | Get The Party Started | Just Like Fire | +5 others P!nk
77%
1999 | Kiss | Little Red Corvet | +2 others Prince
77%
...Ready For It? | Picture To Burn Taylor Swift
77%
Gettin' Jiggy With It | Wild Wild West Will Smith
77%
Nothing Compares 2 U Sinead O'Connor
74%
All Together Now | Golden Slumbers | Octopus's Garden | +2 others The Beatles
74%
In The Navy | Ymca Village People
74%
Rumour Has It Adele
71%
Respect Aretha Franklin
71%
Back To Back | Best I Ever Had | Energy | +4 others Drake
71%
03' Bonnie & Clyde | 99 Problems JAY-Z
71%
Physical Olivia Newton-John
71%
Cheers (Drink To That) | FourFiveSeconds Rihanna
71%
Don't Phunk With My Heart | Imma Be | My Humps Black Eyed Peas
69%
I Guess That's Why They Call It The Blues Elton John
69%
Hurt | I Walk The Line | I've Been Everywhere Johnny Cash
69%
Blinding Lights The Weeknd
69%
The Sun Always Shines On TV a-ha
66%
Circus | Gimme More | If You Seek Amy | Womanizer Britney Spears
66%
Borderline | Give Me All Your Luvin' | Holiday | +2 others Madonna
66%
Anaconda | Fly | Moment 4 Life Nicki Minaj
66%
Candy Paint | Circles | White Iverson Post Malone
66%
Love Shack | Rock Lobster The B-52's
66%
Empire State Of Mind (Part II) | Fallin' Alicia Keys
63%
Marry You | Natalie | Runaway Baby Bruno Mars
63%
Nothing Else Matters Metallica
63%
Can't Remember To Forget You | Chantaje Shakira
63%
Man! I Feel Like A Woman Shania Twain
63%
Baby Boy | Check On It | Sorry Beyonce
60%
Born To Run Bruce Springsteen
60%
Green Light | Team Lorde
60%
The Box Roddy Ricch
60%
Bootylicious | Suvivor Destiny's Child
57%
Cleanin' Out My Closet | Mockingbird | Those Kinda Nights | +2 others Eminem
57%
Bailando | Do You Know? (The Ping Pong Song) Enrique Iglesias
57%
Obsessed | Touch My Body Mariah Carey
57%
Don't Stop The Party | Fireball | International Love | Rain Over Me Pitbull
57%
Nothing's Gonna Stop Us Now | We Built This City Starship
57%
Blah Blah Blah | Blow | Cannibal | +3 others Ke$ha
54%
All Night Long | Hello Lionel Richie
54%
I Wanna Love You | Lonely | Right Now (Na Na Na) | Smack That Akon
51%
Break Your Heart Right Back | Love Me Harder | The Way | +2 others Ariana Grande
51%
Con Calma | Dura | Gasolina Daddy Yankee
51%
Cyber Sex | MOOO! | Say So Doja Cat
51%
Your Body Is a Wonderland John Mayer
51%
Free Bird Lynyrd Skynyrd
51%
I'm Too Sexy Right Said Fred
51%
Cool For The Summer | Give Your Heart A Break Demi Lovato
49%
Club Can't Handle Me | I Cry Flo Rida
49%
Rich Girl Gwen Stefani
49%
It Girl Jason Derulo
49%
This Is How We Do Katy Perry
49%
A Moment Like This | Already Gone Kelly Clarkson
49%
Back At Your Door Maroon 5
49%
(Sittin' On) the Dock of the Bay Otis Redding
49%
Scream & Shout will.i.am
49%
Kiss Kiss | Loyal Chris Brown
46%
OUT WEST JACKBOYS
46%
All The Stars | Bitch, Don't Kill My Vibe | Swimming Pools (Drank) Kendrick Lamar
46%
Happy Birthday Mr President Marilyn Monroe
46%
It Must Have Been Love | Listen To Your Heart Roxette
46%
Thong Song Sisqo
46%
THE SCOTTS THE SCOTTS
46%
HIGHEST IN THE ROOM | goosebumps Travis Scott
46%
Smooth Criminal Alien Ant Farm
43%
Cruel Summer Bananarama
43%
No Air Jordin Sparks
43%
Hallelujah Leonard Cohen
43%
Family Affair Mary J. Blige
43%
Ain't It Fun | Hard Times | Misery Business | Still Into You Paramore
43%
Hit Me With Your Best Shot Pat Benatar
43%
Walk This Way Run-D.M.C.
43%
Rasputin Boney M.
40%
Dangerous | Flames | Sexy Bitch | When Love Takes Over David Guetta
40%
Last Dance | She Works Hard For The Money Donna Summer
40%
Waiting For A Girl Like You Foreigner
40%
Love Don't Cost A Thing Jennifer Lopez
40%
Faint | Somewhere I Belong | What I've Done Linkin Park
40%
Downtown | Same Love Macklemore
40%
Chains | Close | Jealous Nick Jonas
40%
Tell Me Something I Don't Know Selena Gomez
40%
The Greatest Sia
40%
Informer Snow
40%
All The Things She Said t.A.T.u.
40%
#SELFIE The Chainsmokers
40%
Stop! In The Name Of Love The Supremes
40%
Hello Kitty Avril Lavigne
37%
Half-Breed Cher
37%
Don't Dream It's Over Crowded House
37%
Know Your Enemy Green Day
37%
The Cure Lady Gaga
37%
MotorSport | Versace | Walk It Talk It Migos
37%
This Is How We Do It Montell Jordan
37%
So Sick Ne-Yo
37%
Connection | Good Life | I Lived | Stop And Stare OneRepublic
37%
Otherside | Scar Tissue Red Hot Chili Peppers
37%
Addicted To Love Robert Palmer
37%
Maple Leaf Rag Scott Joplin
37%
Oh Sherrie Steve Perry
37%
Burning Down The House | Once in a Lifetime Talking Heads
37%
If We Ever Meet Again | The Way I Are Timbaland
37%
The Fox (What Does The Fox Say?) Ylvis
37%
One Week Barenaked Ladies
34%
Get Up | One, Two Step Ciara
34%
Better In Time Leona Lewis
34%
La Bamba Los Lobos
34%
For Those About To Rock (We Salute You) AC/DC
31%
Night Moves Bob Seger
31%
Down With The Sickness Disturbed
31%
I Love You Always Forever Donna Lewis
31%
I Love It | Lift Yourself Kanye West
31%
Everybody's Changing | Somewhere Only We Know Keane
31%
Can't Fight The Moonlight LeAnn Rimes
31%
Bitch Meredith Brooks
31%
Opposites Attract Paula Abdul
31%
Hit the Road Jack Ray Charles
31%
Human The Killers
31%
Moondance Van Morrison
31%
A Matter Of Trust Billy Joel
29%
Get Outta My Dreams, Get Into My Car Billy Ocean
29%
Feel So Close Calvin Harris
29%
Never Be The Same Camila Cabello
29%
My Lovin' (You're Never Gonna Get It) En Vogue
29%
More Than Words Extreme
29%
Open Arms Journey
29%
Unwell Matchbox Twenty
29%
Me Too Meghan Trainor
29%
Glory Of Love Peter Cetera
29%
Money Pink Floyd
29%
Together Forever Rick Astley
29%
Private Emotion Ricky Martin
29%
CHEMICAL PLANT ZONE | GREEN HILL ZONE | Resort Island: Can You Feel The Sunshine? | +2 others SEGA SOUND TEAM
29%
Rhythm Is A Dancer SNAP!
29%
Step Yo Game Up Snoop Dogg
29%
Roll With It Steve Winwood
29%
Escape From The City Ted Poley
29%
Tongue Tied GROUPLOVE
26%
Animals Martin Garrix
26%
The One I Love R.E.M.
26%
Eenie Meenie Sean Kingston
26%
That's Not My Name The Ting Tings
26%
Boom, Boom, Boom, Boom!! Vengaboys
26%
Dear Maria, Count Me In All Time Low
23%
Tragedy Bee Gees
23%
Hard To Say I'm Sorry | If You Leave Me Now Chicago
23%
The Rhythm Of The Night Corona
23%
Up Around The Bend Creedence Clearwater Revival
23%
Coming Home Diddy
23%
Hungry Eyes Eric Carmen
23%
H.O.L.Y. | This Is How We Roll Florida Georgia Line
23%
The Pretender Foo Fighters
23%
Greased Lightning John Travolta
23%
Higher Love Kygo
23%
I Hope You Dance Lee Ann Womack
23%
Freaky Friday | Professional Rapper Lil Dicky
23%
Shots LMFAO
23%
Someday Nickelback
23%
I Will Never Let You Down Rita Ora
23%
Rack City Tyga
23%
Freedom Wham!
23%
Lush Life | Never Forget You Zara Larsson
23%
Knock On Wood Amii Stewart
20%
Harlem Shake Baauer
20%
The Bad Touch Bloodhound Gang
20%
Boys Charli XCX
20%
human Christina Perri
20%
Clair de lune Claude Debussy
20%
Butterfly Crazy Town
20%
ROCKSTAR DaBaby
20%
Tie A Yellow Ribbon Round The Ole Oak Tree Dawn
20%
Cliffs Of Dover Eric Johnson
20%
Love Myself Hailee Steinfeld
20%
These Dreams Heart
20%
Do You Remember Jay Sean
20%
The Ketchup Song Las Ketchup
20%
The Show Goes On Lupe Fiasco
20%
These Words Natasha Bedingfield
20%
Closer To The Heart Rush
20%
I'm Just A Kid Simple Plan
20%
My First Kiss 3OH!3
17%
Head Over Feet Alanis Morissette
17%
2002 Anne-Marie
17%
Rhythm Of The Night DeBarge
17%
Livin' Thing Electric Light Orchestra
17%
So Yesterday Hilary Duff
17%
Lips Of An Angel Hinder
17%
Stand By Me John Lennon
17%
Love Lies Khalid
17%
You And Me Lifehouse
17%
Stay (I Missed You) Lisa Loeb
17%
One More Night | Take Me Home Phil Collins
17%
The Candy Man Sammy Davis Jr.
17%
Scary Monsters and Nice Sprites Skrillex
17%
Psychosocial Slipknot
17%
Aquarius/Let The Sunshine In The 5th Dimension
17%
Jamie's Cryin' Van Halen
17%
Jet Wings
17%
Speed Me Up Wiz Khalifa
17%
Candyman | I Want You To Know | Stay The Night Zedd
17%
How Long Ace
14%
Supalonely BENEE
14%
You Light Up My Life Debby Boone
14%
Beef FloMix Flo Milli
14%
Nothing's Gonna Change My Love For You Glenn Medeiros
14%
Once Bitten Twice Shy Great White
14%
You Keep Me Hanging On Kim Wilde
14%
Yes Indeed Lil Baby
14%
Money Longer Lil Uzi Vert
14%
Shake It Metro Station
14%
Pass The Dutchie Musical Youth
14%
Move Ya Body Nina Sky
14%
Here It Goes Again OK Go
14%
Geronimo Sheppard
14%
High On You | The Search Is Over Survivor
14%
Puttin' on the Ritz taco
14%
Mr. Sandman The Chordettes
14%
The Kill (Bury Me) Thirty Seconds To Mars
14%
The Man Aloe Blacc
11%
Myrtle Beach Summer 1974 BABY GRAVY
11%
When I See You Smile Bad English
11%
Boyfriend | Superstar Big Time Rush
11%
Lido Shuffle Boz Scaggs
11%
Baby I'm-a Want You Bread
11%
Through The Fire And The Flames Dragonforce
11%
The Best Of My Love | The Long Run Eagles
11%
Fantasy Earth, Wind and Fire
11%
Hate Me Ellie Goulding
11%
Ain't No Woman (Like The One I Got) Four Tops
11%
Crush Jennifer Paige
11%
Classic Man Jidenna
11%
Angel Of The Morning Juice Newton
11%
Blueberry Faygo Lil Mosey
11%
It's So Easy Linda Ronstadt
11%
Do Wah Diddy Diddy Manfred Mann
11%
It's A Beautiful Day Michael Buble
11%
death bed (coffee for your head) Powfu
11%
Human Rag'n'Bone Man
11%
Trampoline SHAED
11%
It's My Life Talk Talk
11%
Bonetrousle Toby Fox
11%
Baby, I Love Your Way / Freebird Will To Power
11%
Seventeen Winger
11%
Cheryl Yung Gravy
11%
Get Ready For This 2 Unlimited
9%
Praise The Lord (Da Shine) A$AP Rocky
9%
Destination Calabria Alex Gaudino
9%
Rockin' Robin Bobby Day
9%
All Right Christopher Cross
9%
Witch Doctor David Seville
9%
Wicked Future
9%
Twilight Zone Golden Earring
9%
Somebody's Baby Jackson Browne
9%
Whine Up Kat Deluna
9%
Beautiful Days | Beautiful Death | Box 15 | +9 others Masafumi Takada
9%
Never Be The Same Again Melanie C
9%
Lady - Hear Me Tonight Modjo
9%
X Nicky Jam
9%
Crab Rave Noisestorm
9%
Post To Be Omarion
9%
If You Leave Orchestral Manoeuvres In The Dark
9%
Dance With Me | Still The One Orleans
9%
PPAP (Pen Pineapple Apple Pen) PIKOTARO
9%
@ MEH Playboi Carti
9%
Harden My Heart Quarterflash
9%
FLIP THE SWITCH Quavo
9%
Ievan polkka Riikka
9%
When Worlds Collide Spongebob Squarepants
9%
I Love Rock 'N' Roll The Arrows
9%
You're All I've Got Tonight The Cars
9%
Gimme Some Lovin' The Spencer Davis Group
9%
Rock Steady The Whispers
9%
Livin' in the Sunlight, Lovin' in the Moon Light Tiny Tim
9%
Hard in Da Paint Waka Flocka Flame
9%
You Raise Me Up Westlife
9%
Lighters Bad Meets Evil
6%
I Know What You Want Busta Rhymes
6%
His World | Live & Learn | Sonic Heroes Crush 40
6%
Doki Doki Literature Club! | Sayo-Nara | Your Reality Dan Salvato
6%
Middle DJ Snake
6%
Tsunami DVBBS
6%
Clair Gilbert O'Sullivan
6%
Without You Harry Nilsson
6%
Travel Ban iLOVEFRiDAY
6%
You're The Best Joe "Bean" Esposito
6%
This Girl Kungs
6%
The Ultimate Showdown of Ultimate Destiny Lemon Demon
6%
Never Leave You (Uh Oooh, Uh Oooh) Lumidee
6%
Those Were The Days Mary Hopkin
6%
Mayonaka no Door / Stay With Me Miki Matsubara
6%
Fire Ohio Players
6%
Mundian to Bach Ke Panjabi MC
6%
The Theme from "A Summer Place" Percy Faith & His Orchestra
6%
Boom P.O.D.
6%
Sorry 2004 Ruben Studdard
6%
Emotion Samantha Sang
6%
Butterfly SMiLe.dk
6%
How Do You Talk To An Angel? The Heights
6%
Shout, Pts. 1 & 2 The Isley Brothers
6%
MC Mental At His Best TheToxicLyfystyle
6%
Joker And The Thief Wolfmother
6%
Relationship Young Thug
6%
Kernkraft 400 Zombie Nation
6%
No Promises Cheat Codes
3%
Interior Crocodile Alligator Chip Tha Ripper
3%
Walk Comethazine
3%
Rock On David Essex
3%
Thick Niggaz and Anime Titties Dbangz
3%
Can't Go Back Dreamboat
3%
JAPAN Famous Dex
3%
Joyful Noise FLAME
3%
Opaul Freddie Dredd
3%
Rock Your Baby George McCrae
3%
Gummy Egg | Lilliput | Wiggle Wiggle Gummibar
3%
El Sonidito Hechizeros Band
3%
Supersonic J.J. Fad
3%
Doin Too Much Kash Doll
3%
Bad Vibes K. Flay
3%
One Night Carnival Kishidan
3%
Alive Krewella
3%
PONPONPON Kyary Pamyu Pamyu
3%
Sukiyaki Kyu Sakamoto
3%
23 Mike WiLL Made-It
3%
Kolors monte booker
3%
U Guessed It OG Maco
3%
All Roads Lead Home Ohana Bam
3%
Yummy, Yummy, Yummy Ohio Express
3%
I Love You OMFG
3%
Shelter Porter Robinson
3%
I Like To Move It Reel 2 Real
3%
Ride It Regard
3%
Favorite Color Is Blue Robert DeLong
3%
Gas Pedal Sage The Gemini
3%
Get Up And Boogie Silver Convention
3%
Hit Tha Roof Speed Gang
3%
ME!ME!ME! | Me!Me!Me! Pt 2 | Me!Me!Me! Pt 3 TeddyLoid
3%
Flossin The Backpack Kid
3%
Da Da Da Trio
3%
Ak-47 Flow | Three Dots... Young Damage
3%
No matching quizzes found
Score Distribution
Percent of People with Each Score
Percentile by Number Answered
Your Score History
You have not taken this quiz